LEADER 01046nam a2200229 4500 001 000000361990 003 CaOOAMICUS 005 20250318104327.0 008 250307s1997 it a 000 u ita r 040 $aSeMil$bita 100 1 $aCasera, Domenico <1920-2007>.$0(OLS)http://semarc/name/21192 245 13$aIl beato Enrico Rebuschini :$bGravedona (Como) 1860 - Cremona 1938 /$cDomenico Casera. 264 1$aGorle :$bVelar,$cstampa 1997. 300 $a119 p., [6] p. di tav. :$bill. ;$c20 cm 500 $aIn mezzo al front.: proclamato Beato da Giovanni Paolo II il 4 maggio 1997 600 14$aRebuschini, Enrico .$0(OLS)http://semarc/subject/20256 850 $aSeMil 852 $aSeMil$W1$xVenegono$y1$m3H I 626$j255264$B252926$CSeMilBibl$Z2$F252926 $81 961 $aBuzzi mons. Franco - Omaggio 996 $6245$aIl beato Enrico Rebuschini :$bGravedona (Como) 1860 - Cremona 1938$9(OLS)http://semarc/title/452841 996 $6264$aGorle :$bVelar$9(OLS)http://semarc/publisher/33489 LEADER 00922nam a2200229 i 4500 001 000000213905 003 CaOOAMICUS 005 20160303000000.0 008 160303s1973 it u000 u ita u 013 $a192760 040 $aSeMil$bita 100 1 $aCantone, Carlo.$0(OLS)http://semarc/name/19252 245 10$aIntroduzione al problema di Dio :$bdiscorso su Dio ed esperienza religiosa /$cCarlo Cantone. 260 $aBrescia :$bLa Scuola,$c1973. 300 $a348 p. ;$c25 cm. 500 $aContiene : Indicazioni bibliografiche. 650 4$aDio.$0(OLS)http://semarc/subject/4429 850 $aSeMil 852 $aSeMil$W1$xVenegono$y1$m2D VI 22$j164333$B164333$CSeMilBibl$Z2$F209945 $81 961 $aOmaggio: Altro 996 $6245$aIntroduzione al problema di Dio :$bdiscorso su Dio ed esperienza religiosa$9(OLS)http://semarc/title/308313 996 $6260$aBrescia :$bLa Scuola$9(OLS)http://semarc/publisher/29831